Základy mikroekonómie (vysokoškolská učebnica)
Uložené v:
| Hlavný autor: | |
|---|---|
| Ďalší autori: | |
| Médium: | Kniha |
| Jazyk: | Slovak English |
| Vydavateľské údaje: |
Banská Bystrica
Univerzita Mateja Bela, Ekonomická fakulta v Banskej Bystrici
2007
|
| Predmet: | |
| Tagy: |
Žiadne tagy, Buďte prvý, kto otaguje tento záznam!
|
MARC
| LEADER | 00000nam$a2200000$$$4500 | ||
|---|---|---|---|
| 001 | 0093511 | ||
| 005 | 20240226123129.6 | ||
| 020 | |a 978-80-8083-536-1 | ||
| 041 | 0 | |a slo | |
| 041 | 0 | |a eng | |
| 044 | |a SK | ||
| 245 | 1 | 0 | |a Základy mikroekonómie |b (vysokoškolská učebnica) |c Mária Horehájová, Jana Marasová |
| 264 | 1 | |a Banská Bystrica |b Univerzita Mateja Bela, Ekonomická fakulta v Banskej Bystrici |c 2007 | |
| 300 | |a 224 s. | ||
| 610 | 2 | 0 | |a mikroekonomika |
| 610 | 2 | 0 | |a veda ekonomická |
| 610 | 2 | 0 | |a ekonómia |
| 610 | 2 | 0 | |a myslenie ekonomické |
| 610 | 2 | 0 | |a trh |
| 610 | 2 | 0 | |a mechanizmus trhový |
| 610 | 2 | 0 | |a podnik |
| 610 | 2 | 0 | |a teória výroby |
| 610 | 2 | 0 | |a náklady |
| 610 | 2 | 0 | |a zisk podnikový |
| 610 | 2 | 0 | |a konkurencia |
| 610 | 2 | 0 | |a faktory výrobné |
| 610 | 2 | 0 | |a trh práce |
| 610 | 2 | 0 | |a trh kapitálový |
| 610 | 2 | 0 | |a dôchodky |
| 100 | 1 | |a Horehájová, Mária | |
| 700 | 1 | |a Marasová, Jana | |